| 000 | 01373nam a22003255i 4500 | ||
|---|---|---|---|
| 001 | 165048 | ||
| 003 | ES-MaACL | ||
| 005 | 20250824052200.0 | ||
| 008 | 050809s1876 fr | |||||||| ||fre d | ||
| 040 |
_aCAM _bspa _cCAM |
||
| 100 | 1 |
_aScribe, Eugène. _9104966 |
|
| 245 | 1 | 3 |
_aLe combat des montagnes _b: ; Le café des variétés ; Tous les vaudevilles ; Le petit dragon ; Les comices d'Athénes ; Les nouvelles Danaïdes ; La fête du mari ; Chactas et Atala ; Les dehors trompeurs / _cEugène Scribe. |
| 260 |
_aParis : _bE. Dentu, libraire-éditeur, _c1876 ( _fImpr. Paul Dupont) |
||
| 300 |
_a369, [2] p. ; _c18 cm. |
||
| 490 | 1 |
_aOeuvres complètes de Eugène Scribe ; _v12. _aSecondième série: comédies, vaudevilles. 3 |
|
| 655 | 0 |
_aTeatro _9234794 |
|
| 740 | 3 | _aLe combat des montagnes. | |
| 740 | 3 | _aLe café des variétés. | |
| 740 | 0 | _aTous les vaudevilles. | |
| 740 | 3 | _aLe petit dragon. | |
| 740 | 4 | _aLes comices d'Athénes. | |
| 740 | 0 | _aLes nouvelles Danaïdes. | |
| 740 | 3 | _aLa fête du mari. | |
| 740 | 0 | _aChactas et Atala. | |
| 740 | 4 | _aLes dehors trompeurs. | |
| 752 |
_aFrancia - _dParís |
||
| 830 | 0 |
_aOeuvres complètes de Eugène Scribe ; _v12. _aSecondième série: comédies, vaudevilles. 3 _9222417 |
|
| 852 |
_aES-MaACL _jC-18550 _z-- Enc. hol., conservando la cub. original |
||
| 999 |
_c165048 _d165048 |
||